000 00660nam a2200181Ia 4500
003 GCL
005 20240530105037.0
008 140319s9999 xx 000 0 ara d
040 _aGCL /
_cGCL
082 0 4 _a335.411
_bاا
100 1 _aاسماعيل المهدوى
245 1 0 _aالاشتراكية والاستثمارات الخاصة . نقد عقلانى على الاقتصاد الماركسى /
_cاسماعيل المهدى
260 _a[S.N] :
_bلجنة الاعلام والدراسات المستقبلية ،
_c1990
300 _a271 ص
650 0 4 _aالاشتراكية
650 0 4 _aالنظم الاقتصادية
942 _2ddc
_cBK
999 _c52719
_d52719